Italy World Cup Squad 1990 - Statistics

General Stats
  • This quiz has been taken 120 times
  • The average score is 13 of 22
Answer Stats
Number Pos. Club Player % Correct
2. DF Milan Franco Baresi
93%
15. FW Fiorentina Roberto Baggio
93%
7. DF Milan Paolo Maldini
91%
1. GK Internazionale Walter Zenga
83%
21. FW Sampdoria Gianluca Vialli
77%
3. (c) DF Internazionale Giuseppe Bergomi
77%
19. FW Juventus Salvatore Schillaci
74%
18. FW Sampdoria Roberto Mancini
64%
17. MF Milan Roberto Donadoni
61%
10. MF Internazionale Nicola Berti
58%
22. GK Sampdoria Gianluca Pagliuca
57%
9. MF Milan Carlo Ancelotti
53%
5. DF Napoli Ciro Ferrara
50%
13. MF Roma Giuseppe Giannini
50%
16. FW Napoli Andrea Carnevale
47%
20. FW Internazionale Aldo Serena
45%
12. GK Juventus Stefano Tacconi
41%
11. MF Napoli Fernando De Napoli
39%
6. DF Internazionale Riccardo Ferri
33%
8. DF Sampdoria Pietro Vierchowod
31%
4. DF Juventus Luigi De Agostini
27%
14. MF Juventus Giancarlo Marocchi
15%
No matching quizzes found
Score Distribution
Percent of People with Each Score
Percentile by Number Answered
Your Score History
You have not taken this quiz